[Event "38th Olympiad"]
[Site "Dresden GER"]
[Date "2008.11.21"]
[Round "8"]
[White "Erdogdu,M"]
[Black "Gajewski,G"]
[Result "1-0"]
[WhiteElo "2449"]
[BlackElo "2577"]
[EventDate "2008.11.13"]

1. e4 c5 2. Nf3 d6 3. d4 cxd4 4. Nxd4 Nf6 5. Nc3 a6 6. Be3 e5 7. Nb3 Be7 8.
f3 Be6 9. Qd2 O-O 10. O-O-O a5 11. a4 Na6 12. g4 Nb4 13. Kb1 Rc8 14. h4 Nd7
15. g5 Nb6 16. Qf2 Nxa4 17. Nxa4 Rxc2 18. Qxc2 Nxc2 19. Kxc2 d5 20. exd5
Bf5+ 21. Bd3 Qxd5 22. Bxf5 Qxf3 23. Rhf1 Qxe3 24. Nc3 a4 25. Nd2 g6 26. Rf3
Qc5 27. Bd3 Rd8 28. Rdf1 Qd4 29. R1f2 a3 30. Bc4 axb2 31. Bxf7+ Kh8 32. Be6
Ba3 33. Nde4 b1=Q+ 34. Kxb1 Qb6+ 35. Ka2 Ra8 36. Bb3 Bc1+ 37. Na4 Bf4 38.
Rc2 Qb4 39. Rfc3 Rf8 40. Rc8 Be3 41. R2c4 Qe7 42. R4c7 Qb4 43. Rxf8+ 1-0

[Event "38th Olympiad"]
[Site "Dresden GER"]
[Date "2008.11.21"]
[Round "8"]
[White "Bartel,Mat"]
[Black "Yilmaz,M"]
[Result "1-0"]
[WhiteElo "2602"]
[BlackElo "2387"]
[EventDate "2008.11.13"]

1. e4 c5 2. Nf3 d6 3. d4 cxd4 4. Nxd4 Nf6 5. Nc3 a6 6. Be3 e5 7. Nb3 Be7 8.
Qd2 O-O 9. O-O-O Be6 10. f4 Ng4 11. g3 Nd7 12. Kb1 b5 13. f5 Bc4 14. Be2
Ngf6 15. Bd3 b4 16. Bxc4 bxc3 17. Qxc3 Nxe4 18. Qd3 Nef6 19. g4 Nxg4 20.
Rhg1 Nxe3 21. Qxe3 Qb6 22. Qd2 Rac8 23. Bd5 Kh8 24. Rg4 Nf6 25. Rb4 Nxd5
26. Rxb6 Nxb6 27. Qa5 Nc4 28. Qxa6 Ne3 29. Re1 Nxf5 30. a4 Nh4 31. Qb7 Bg5
32. a5 f5 33. a6 f4 34. Nd2 Rcd8 35. Ne4 h6 36. a7 Nf5 37. Rd1 Be7 38. Rd3
Rfe8 39. Ra3 d5 40. a8=Q Bxa3 41. Qxa3 dxe4 42. Qxe4 Ne3 43. Qa6 Rd4 44.
Qeg6 Rf8 45. Qb7 Rg8 46. c3 Rd5 47. Qgf7 Rd1+ 48. Ka2 Rg1 49. Qe4 Rg2 50.
Qxe5 Ra8+ 51. Kb3 Nd1 52. Qfe8+ Rxe8 53. Qxe8+ Kh7 54. Qe4+ Rg6 55. Ka2 f3
56. Qxf3 Ra6+ 57. Kb1 Rd6 58. Kc1 1-0

[Event "38th Olympiad"]
[Site "Dresden GER"]
[Date "2008.11.21"]
[Round "8"]
[White "Beliavsky,A"]
[Black "Sasikiran,K"]
[Result "1/2-1/2"]
[WhiteElo "2619"]
[BlackElo "2694"]
[EventDate "2008.11.13"]

1. d4 d5 2. c4 c6 3. Nf3 Nf6 4. Nc3 a6 5. c5 Bf5 6. Bf4 Nbd7 7. e3 g6 8.
Nh4 Be6 9. Bd3 Bg7 10. O-O Nh5 11. Bg3 Bf6 12. f4 Nxg3 13. hxg3 Bxh4 14.
gxh4 Bf5 15. g4 Bxd3 16. Qxd3 Nf6 17. g5 Nh5 18. Kf2 Qd7 19. Ne2 f6 20. Ng3
Ng7 21. Kg2 Rg8 22. b4 Qg4 23. Qd1 Qe6 24. Qf3 Kd7 25. a4 Nf5 26. Nxf5 gxf5
27. Kf2 fxg5 28. hxg5 h6 29. Rg1 Rg6 30. gxh6 Rxh6 31. Rh1 Rxh1 32. Rxh1 a5
33. bxa5 Rxa5 34. Rb1 Kc7 35. Qd1 Qc8 1/2-1/2

[Event "38th Olympiad"]
[Site "Dresden GER"]
[Date "2008.11.21"]
[Round "8"]
[White "Lenic,L"]
[Black "Geetha Narayanan,G"]
[Result "1/2-1/2"]
[WhiteElo "2569"]
[BlackElo "2548"]
[EventDate "2008.11.13"]

1. d4 Nf6 2. c4 g6 3. Nc3 d5 4. Nf3 Bg7 5. Bg5 Ne4 6. Bh4 Nxc3 7. bxc3 dxc4
8. Qa4+ Qd7 9. Qxc4 b6 10. e3 Ba6 11. Qb3 Bxf1 12. Kxf1 O-O 13. Ke2 c5 14.
Rhd1 cxd4 15. cxd4 Nc6 16. Rac1 Na5 17. Qb4 e6 18. Rc3 Qd5 19. Qa4 Rfc8 20.
Rdc1 Qb7 21. Qc2 Rxc3 22. Qxc3 Qa6+ 23. Qd3 Qb7 24. Qc3 Qa6+ 25. Qd3 Qb7
26. Qc3 1/2-1/2

[Event "38th Olympiad"]
[Site "Dresden GER"]
[Date "2008.11.21"]
[Round "8"]
[White "Sandipan,C"]
[Black "Borisek,J"]
[Result "0-1"]
[WhiteElo "2579"]
[BlackElo "2548"]
[EventDate "2008.11.13"]

1. e4 e5 2. Nf3 Nc6 3. Bb5 a6 4. Ba4 Nf6 5. O-O Be7 6. Re1 b5 7. Bb3 d6 8.
c3 O-O 9. d4 Bg4 10. Be3 exd4 11. cxd4 d5 12. e5 Ne4 13. Nc3 Nxc3 14. bxc3
Qd7 15. h3 Bh5 16. g4 Bg6 17. Bg5 Ba3 18. Bc1 Be7 19. Bg5 Ba3 20. Qd2 Na5
21. Nh4 Nc4 22. Bxc4 bxc4 23. Nxg6 hxg6 24. f4 Rab8 25. f5 Rb2 26. Qe3 gxf5
27. Bf6 f4 28. Qxf4 Re8 29. Bxg7 Kxg7 30. Qg5+ Kh8 31. Rf1 Rb6 32. Rf5 Bf8
33. Raf1 Rg6 34. Qf4 Rg7 35. g5 c5 36. h4 cxd4 37. cxd4 Be7 38. Kh2 Qe6 39.
Rf3 Rc8 40. Rc3 Qb6 41. Rc2 Qe6 42. Rc3 Rb8 43. Rc2 a5 44. Rg2 Rh7 45. Rc2
a4 46. Kg3 a3 47. Rc3 Rb2 48. Re3 Rd2 49. Rf6 Bxf6 50. gxf6 Rh5 51. Rxa3
Rd3+ 52. Rxd3 cxd3 53. a4 Qf5 54. Qc1 Qg6+ 0-1

[Event "38th Olympiad"]
[Site "Dresden GER"]
[Date "2008.11.21"]
[Round "8"]
[White "Solak,D"]
[Black "Istratescu,A"]
[Result "1/2-1/2"]
[WhiteElo "2595"]
[BlackElo "2633"]
[EventDate "2008.11.13"]

1. e4 e5 2. Nf3 Nf6 3. Nxe5 d6 4. Nf3 Nxe4 5. d4 d5 6. Bd3 Be7 7. O-O Nc6
8. Nc3 Nxc3 9. bxc3 Bg4 10. Rb1 Rb8 11. Re1 O-O 12. h3 Bh5 13. c4 dxc4 14.
Bxc4 Bd6 15. c3 a6 16. Bd3 b5 17. Be4 Bg6 18. Bxg6 hxg6 19. a4 Qd7 20. axb5
axb5 21. Qd3 Ne7 22. Bd2 Nd5 23. c4 bxc4 24. Qxc4 Rxb1 25. Rxb1 Re8 26. Re1
Rxe1+ 27. Nxe1 Qe6 28. Qd3 Nf4 29. Qe3 Ne2+ 30. Kf1 Qxe3 31. Bxe3 1/2-1/2

[Event "38th Olympiad"]
[Site "Dresden GER"]
[Date "2008.11.21"]
[Round "8"]
[White "Perunovic,Mil"]
[Black "Lupulescu,C"]
[Result "1-0"]
[WhiteElo "2580"]
[BlackElo "2594"]
[EventDate "2008.11.13"]

1. e4 c5 2. Nf3 d6 3. d4 cxd4 4. Nxd4 Nf6 5. Nc3 Nc6 6. f3 e5 7. Nb3 Be7 8.
Be3 Be6 9. Nd5 Bxd5 10. exd5 Nb4 11. c4 a5 12. Qd2 b6 13. Be2 O-O 14. O-O
Na6 15. Nc1 Nd7 16. Bd3 Nac5 17. Bc2 h6 18. Ne2 Bg5 19. Nc3 Bxe3+ 20. Qxe3
f5 21. b3 Rf6 22. a3 Nf8 23. b4 Ncd7 24. Ba4 g5 25. Bc6 Rb8 26. Na4 e4 27.
Bxd7 Nxd7 28. fxe4 f4 29. Qd4 axb4 30. axb4 b5 31. cxb5 Rxb5 32. Kh1 Qe8
33. Nb2 Qe5 34. Qc4 Rb8 35. Nd3 Qe7 36. Ra7 Rbf8 37. b5 f3 38. g3 Ne5 39.
Qd4 Qd8 40. Nxe5 dxe5 41. Qxe5 Qb6 42. Rxf3 Qxa7 43. Rxf6 Rxf6 44. Qxf6 Qe3
45. Qg6+ Kf8 46. Qxh6+ Ke7 47. Qe6+ Kd8 48. Qg4 1-0

[Event "38th Olympiad"]
[Site "Dresden GER"]
[Date "2008.11.21"]
[Round "8"]
[White "Godena,M"]
[Black "Polgar,Ju"]
[Result "1-0"]
[WhiteElo "2517"]
[BlackElo "2711"]
[EventDate "2008.11.13"]

1. e4 c5 2. c3 d6 3. d4 Nf6 4. Bd3 Qc7 5. Nf3 g6 6. O-O Bg7 7. Re1 O-O 8.
Bf4 Bg4 9. Nbd2 cxd4 10. cxd4 Nc6 11. h3 Bxf3 12. Nxf3 Nd7 13. Be3 Rac8 14.
Qd2 Qb6 15. Bf1 Qb4 16. Qd3 e5 17. a3 Qa5 18. b4 Qd8 19. d5 Ne7 20. Qb5 b6
21. Qa4 h6 22. Bb5 Nf6 23. Nd2 Rc7 24. Rec1 Qb8 25. Qd1 Nh5 26. Rxc7 Qxc7
27. Rc1 Qb8 28. Bd7 Nf4 29. Kf1 Qb7 30. Bb5 f5 31. Nc4 a6 32. Bc6 Qb8 33.
Nxb6 fxe4 34. Nd7 Qd8 35. Nxf8 Qxf8 36. Qg4 h5 37. Qd7 Qf6 38. Rd1 Kh7 39.
Bxf4 exf4 40. Qe6 Qxe6 41. dxe6 Nxc6 42. Rxd6 Ne7 43. Rxa6 g5 44. Ra7 Bf6
45. b5 Kg6 46. b6 Nc6 47. Rc7 1-0

[Event "38th Olympiad"]
[Site "Dresden GER"]
[Date "2008.11.21"]
[Round "8"]
[White "Almasi,Z"]
[Black "Brunello,S"]
[Result "1-0"]
[WhiteElo "2663"]
[BlackElo "2455"]
[EventDate "2008.11.13"]

1. e4 e5 2. Nf3 Nc6 3. Bb5 a6 4. Ba4 Nf6 5. O-O Be7 6. Re1 b5 7. Bb3 d6 8.
c3 O-O 9. h3 Na5 10. Bc2 d5 11. d4 Nxe4 12. Nxe5 f6 13. Nd3 Bd6 14. Nd2 Re8
15. Qh5 Bb7 16. Nf1 Qd7 17. Bf4 Nc4 18. Bxd6 Qxd6 19. Nc5 Bc6 20. b3 Na3
21. Bxe4 dxe4 22. Rac1 g6 23. Qh6 a5 24. Ng3 f5 25. Ne2 Rad8 26. Nf4 Bd5
27. Re3 Qf8 28. Qxf8+ Kxf8 29. c4 Bf7 30. d5 Ke7 31. f3 Kd6 32. Nfe6 Rb8
33. fxe4 Bxe6 34. Nxe6 fxe4 35. Rxe4 bxc4 36. bxc4 Rb2 37. c5+ Kxd5 38.
Nxc7+ Kxe4 39. Nxe8 Rb8 40. c6 1-0

[Event "38th Olympiad"]
[Site "Dresden GER"]
[Date "2008.11.21"]
[Round "8"]
[White "Rombaldoni,D"]
[Black "Berkes,F"]
[Result "0-1"]
[WhiteElo "2436"]
[BlackElo "2645"]
[EventDate "2008.11.13"]

1. e4 c5 2. Nf3 d6 3. d4 cxd4 4. Nxd4 Nf6 5. Nc3 Bd7 6. h3 e5 7. Nf3 Be7 8.
Bc4 O-O 9. O-O Be6 10. Bxe6 fxe6 11. Qe2 Nc6 12. Rd1 a6 13. a4 h6 14. a5
Qe8 15. Qc4 Qf7 16. Qb3 Rab8 17. Be3 Rfd8 18. Bb6 Rd7 19. Rd2 Rf8 20. Rad1
Kh8 21. Kh1 g5 22. Bc5 Rfd8 23. Bb6 Rg8 24. Bc5 g4 25. Ng1 gxh3 26. Nxh3
Qg6 27. g3 Nxe4 28. Nxe4 Qxe4+ 29. Kh2 d5 30. f3 Qg6 31. Bf2 Nxa5 32. Qa4
Nc6 33. Rh1 Bd6 34. Qh4 Ne7 35. Qa4 Rc7 36. Kg2 Nf5 37. Ng1 e4 38. fxe4
Nxg3 0-1

[Event "38th Olympiad"]
[Site "Dresden GER"]
[Date "2008.11.21"]
[Round "8"]
[White "So,W"]
[Black "Smeets,J"]
[Result "1/2-1/2"]
[WhiteElo "2610"]
[BlackElo "2604"]
[EventDate "2008.11.13"]

1. e4 e5 2. Nf3 Nf6 3. Nxe5 d6 4. Nf3 Nxe4 5. d4 d5 6. Bd3 Nc6 7. O-O Be7
8. c4 Nb4 9. Be2 O-O 10. Nc3 Bf5 11. a3 Nxc3 12. bxc3 Nc6 13. Re1 Re8 14.
Bf4 dxc4 15. Bxc4 Bd6 16. Rxe8+ Qxe8 17. Qd2 Qd7 18. Re1 Bxa3 19. Bb5 Bd6
20. Ne5 Bxe5 21. Rxe5 a6 22. Bxc6 bxc6 23. Qe2 Be6 24. Ra5 Bd5 25. Rxa6 Re8
26. Be3 Qe6 27. Ra1 h6 28. Re1 f5 29. Qd1 Qf7 30. f3 1/2-1/2

[Event "38th Olympiad"]
[Site "Dresden GER"]
[Date "2008.11.21"]
[Round "8"]
[White "Stellwagen,D"]
[Black "Gomez,Joh"]
[Result "1-0"]
[WhiteElo "2605"]
[BlackElo "2519"]
[EventDate "2008.11.13"]

1. e4 e6 2. d4 d5 3. Nc3 Nf6 4. Bg5 dxe4 5. Nxe4 Be7 6. Bxf6 Bxf6 7. Nf3
Nd7 8. Qd2 O-O 9. O-O-O Be7 10. Bd3 c5 11. dxc5 Qc7 12. h4 f5 13. Nc3 Nxc5
14. Nb5 Qb6 15. Nbd4 Bf6 16. Rhe1 Kh8 17. Kb1 Rd8 18. c3 Bd7 19. Ng5 Rf8
20. Bc4 e5 21. Nb3 Ba4 22. Nf7+ Rxf7 23. Bxf7 Ne4 24. Rxe4 fxe4 25. Qe2 Rf8
26. Bd5 Bb5 27. c4 Bc6 28. g3 a5 29. Nd2 Ba4 30. Rc1 Be7 31. Nxe4 Bd7 32.
c5 Qc7 33. Ng5 Bf5+ 34. Ka1 Bf6 35. g4 Bc8 36. Be4 h6 37. Nh7 Rd8 38. Nxf6
gxf6 39. Qe3 Qg7 40. f3 Rd4 41. b3 h5 42. gxh5 f5 43. Rg1 Qf6 44. Rg6 Rd1+
45. Kb2 f4 46. Qc3 Qe7 47. Rh6+ 1-0

[Event "38th Olympiad"]
[Site "Dresden GER"]
[Date "2008.11.21"]
[Round "8"]
[White "Laylo,D"]
[Black "Werle,J"]
[Result "0-1"]
[WhiteElo "2507"]
[BlackElo "2582"]
[EventDate "2008.11.13"]

1. c4 Nf6 2. Nc3 e6 3. e4 c5 4. e5 Ng8 5. Nf3 Nc6 6. d4 cxd4 7. Nxd4 Nxe5
8. Ndb5 a6 9. Nd6+ Bxd6 10. Qxd6 f6 11. Be3 Ne7 12. Bb6 Nf5 13. Qc5 d6 14.
Qa5 Qd7 15. f4 Nc6 16. Qa3 Nce7 17. O-O-O Qc6 18. Bf2 O-O 19. Rg1 h5 20.
Be2 b5 21. Bf3 Qxc4 22. Bxa8 b4 23. Qa4 Qxf4+ 24. Rd2 Bd7 25. Qxd7 bxc3 26.
Qxe6+ Kh8 27. bxc3 Rxa8 28. Bg3 Nxg3 29. hxg3 Qxg3 30. Qh3 Qe5 31. g4 Kg8
32. Qd3 Rb8 33. gxh5 Qc5 34. Rg4 d5 35. Rdg2 Nf5 36. Rb2 Re8 37. c4 Re1+
38. Kd2 Qa5+ 0-1

[Event "38th Olympiad"]
[Site "Dresden GER"]
[Date "2008.11.21"]
[Round "8"]
[White "Carlsen,M"]
[Black "Navara,D"]
[Result "1-0"]
[WhiteElo "2786"]
[BlackElo "2633"]
[EventDate "2008.11.13"]

1. e4 e5 2. Nf3 Nc6 3. Bb5 a6 4. Ba4 Nf6 5. O-O Be7 6. d3 d6 7. c3 O-O 8.
Re1 Re8 9. Nbd2 Bf8 10. h3 b5 11. Bc2 Bb7 12. d4 g6 13. d5 Ne7 14. Nf1 Bg7
15. b3 Nxe4 16. Bxe4 f5 17. Bc2 Nxd5 18. b4 Nxc3 19. Bb3+ d5 20. Qc2 Ne4
21. Rxe4 fxe4 22. Ng5 a5 23. bxa5 Rxa5 24. Nxe4 Kh8 25. Bg5 Qc8 26. Nf6 Rd8
27. Ne3 e4 28. Rc1 h6 29. Nxe4 dxe4 30. Bxd8 Qxd8 31. Qxc7 Qxc7 32. Rxc7
Ba6 33. Nd5 b4 34. Ra7 Bd4 35. Ra8+ Kh7 36. Nxb4 Rf5 37. Rxa6 Rxf2 38. Rd6
Rd2+ 39. Kf1 e3 40. Rxd4 Rxd4 41. Nd5 Rd3 42. Ke1 h5 43. Bc4 Rd4 44. Nxe3
Kh6 45. a4 Kg5 46. a5 Kf4 47. Kf2 Rd2+ 48. Be2 Ke4 49. a6 Ra2 50. h4 1-0

[Event "38th Olympiad"]
[Site "Dresden GER"]
[Date "2008.11.21"]
[Round "8"]
[White "Johannessen,LE"]
[Black "Laznicka,V"]
[Result "1/2-1/2"]
[WhiteElo "2545"]
[BlackElo "2591"]
[EventDate "2008.11.13"]

1. d4 e6 2. c4 b6 3. Nf3 Bb7 4. Nc3 Bb4 5. Bg5 f6 6. Bd2 f5 7. a3 Bxc3 8.
Bxc3 Nf6 9. g3 d6 10. Bg2 Qe7 11. d5 e5 12. Ng5 Nbd7 13. Ne6 Nc5 14. Nxc5
bxc5 15. b4 Nd7 16. O-O O-O 17. Qc2 a5 18. Bh3 e4 19. f4 h5 20. e3 Qf7 21.
Rfb1 Rfb8 22. Bf1 axb4 23. axb4 Bc8 24. Rxa8 Rxa8 25. Qd1 Ra3 26. Qd2 Kh7
27. Qc1 cxb4 28. Bxb4 Ra8 29. Ra1 Rb8 30. Bc3 Nc5 31. Rb1 Ra8 32. Qc2 Bd7
33. Ra1 Qe8 34. Rxa8 Qxa8 35. Qd1 Kh6 36. Be2 Qe8 37. Qa1 Qf8 38. Qa7 Qc8
39. Qa1 Qf8 40. Qd1 Ba4 41. Qf1 Qd8 42. Qh3 g6 43. Qf1 Bc2 44. Qa1 Bd3 45.
Kf2 Kh7 46. Qa7 Qc8 47. Bd4 Bxe2 48. Kxe2 Nd7 49. Ba1 Nc5 50. Bd4 Nd7 51.
Ba1 Nc5 52. Qa3 Qf8 53. h4 Kg8 54. Qb2 Kf7 55. Qf6+ Ke8 56. Qxg6+ Qf7 57.
Qh6 Kd7 58. Bd4 Nb3 59. Bc3 Nc5 60. Bd4 Nb3 61. Bc3 1/2-1/2

[Event "38th Olympiad"]
[Site "Dresden GER"]
[Date "2008.11.21"]
[Round "8"]
[White "Babula,V"]
[Black "Hammer,J"]
[Result "0-1"]
[WhiteElo "2608"]
[BlackElo "2522"]
[EventDate "2008.11.13"]

1. d4 Nf6 2. c4 e6 3. Nc3 Bb4 4. e3 O-O 5. Bd3 c5 6. Nf3 d5 7. O-O dxc4 8.
Bxc4 Nbd7 9. Qb3 a6 10. a4 Qa5 11. Bd2 Nb6 12. Be2 Rd8 13. Rfd1 cxd4 14.
Nxd4 Nbd7 15. Rac1 Qb6 16. Ne4 Bxd2 17. Nxd2 Qxb3 18. N2xb3 Nf8 19. Na5 Rb8
20. b3 e5 21. Nf3 Rxd1+ 22. Bxd1 e4 23. Nd4 Ne6 24. Nf5 Bd7 25. Be2 Kf8 26.
Nd6 b5 27. axb5 axb5 28. Nc6 Rb6 29. Bxb5 Ne8 30. Ba4 Nxd6 31. Rd1 Nc5 0-1

[Event "38th Olympiad"]
[Site "Dresden GER"]
[Date "2008.11.21"]
[Round "8"]
[White "Shirov,A"]
[Black "Rahman,Zia"]
[Result "1-0"]
[WhiteElo "2726"]
[BlackElo "2510"]
[EventDate "2008.11.13"]

1. e4 c5 2. Nf3 e6 3. d4 cxd4 4. Nxd4 Nc6 5. Nc3 Qc7 6. Be3 Nf6 7. f4 Bb4
8. Ndb5 Qa5 9. e5 Ne4 10. Bd3 f5 11. O-O Nxc3 12. bxc3 Be7 13. Qh5+ g6 14.
Qh6 Bf8 15. Nd6+ Bxd6 16. exd6 Qxc3 17. Rfe1 b6 18. Bb5 Bb7 19. Qg5 O-O 20.
Rad1 Rf7 21. h4 a6 22. Bxc6 Qxc6 23. Bd4 Qxd6 24. h5 Qe7 25. hxg6 hxg6 26.
Qxg6+ Kf8 27. Be5 Qc5+ 28. Kh2 Bd5 29. c4 d6 30. Rxd5 1-0

[Event "38th Olympiad"]
[Site "Dresden GER"]
[Date "2008.11.21"]
[Round "8"]
[White "Hossain,Enam"]
[Black "Vallejo Pons,F"]
[Result "0-1"]
[WhiteElo "2494"]
[BlackElo "2664"]
[EventDate "2008.11.13"]

1. e4 e5 2. Nf3 Nc6 3. Bb5 Nf6 4. d3 d6 5. c3 a6 6. Ba4 g6 7. O-O Bg7 8.
Re1 O-O 9. Nbd2 b5 10. Bb3 Na5 11. Bc2 c5 12. a4 Bb7 13. d4 Qc7 14. dxe5
dxe5 15. Nf1 b4 16. cxb4 cxb4 17. Bd2 Rfd8 18. Rc1 Rac8 19. Bb1 Qxc1 20.
Qxc1 Rxc1 21. Bxc1 Nb3 22. Bg5 h6 23. N1d2 Nc5 24. Bxf6 Bxf6 25. a5 Be7 26.
h3 Kg7 27. Rc1 f6 28. Ba2 Rd7 29. Rc2 g5 30. Bc4 h5 31. Kh2 Kf8 32. Ba2
Nxe4 33. Be6 Rd8 34. Rc7 Nc5 35. Bf5 Bxf3 0-1

[Event "38th Olympiad"]
[Site "Dresden GER"]
[Date "2008.11.21"]
[Round "8"]
[White "Minhazuddin,A"]
[Black "San Segundo Carrillo,P"]
[Result "1/2-1/2"]
[WhiteElo "2377"]
[BlackElo "2564"]
[EventDate "2008.11.13"]

1. e4 e5 2. Nf3 Nc6 3. d4 exd4 4. Nxd4 Bc5 5. Nxc6 Qf6 6. Qd2 dxc6 7. Qf4
Qe7 8. Bd3 Nf6 9. h3 O-O 10. O-O Bd6 11. Qe3 Nh5 12. Qg5 Qxg5 13. Bxg5 Nf4
14. Bxf4 Bxf4 15. Nc3 Be5 16. Rab1 Bxc3 17. bxc3 b6 18. f4 a5 19. Kf2 Re8
20. Rfe1 a4 21. a3 Ra5 22. h4 f6 23. g3 Be6 24. c4 Kf7 25. Rb4 Rea8 26. Rd1
g6 27. Be2 Ke7 28. Ke3 h6 29. Rbb1 Rd8 30. Rxd8 Kxd8 31. g4 Ke7 32. Kd4 g5
33. f5 Bf7 34. hxg5 hxg5 35. Rh1 Bg8 36. Rh8 Kf8 37. Rh6 Ke7 38. Rg6 Bf7
39. Rh6 Bg8 40. Rg6 Bf7 41. Rh6 1/2-1/2

[Event "38th Olympiad"]
[Site "Dresden GER"]
[Date "2008.11.21"]
[Round "8"]
[White "Iuldachev,S"]
[Black "Hillarp Persson,T"]
[Result "0-1"]
[WhiteElo "2511"]
[BlackElo "2543"]
[EventDate "2008.11.13"]

1. e4 c5 2. Nf3 e6 3. d4 cxd4 4. Nxd4 a6 5. Bd3 Bc5 6. c3 d6 7. Be3 Nf6 8.
Nd2 O-O 9. O-O e5 10. Nc2 Bxe3 11. Nxe3 Nc6 12. Bc2 b5 13. a4 Rb8 14. Qf3
b4 15. Bd3 bxc3 16. bxc3 Na5 17. Rfb1 Rxb1+ 18. Rxb1 Qc7 19. c4 Nb7 20. Nb3
Bd7 21. g4 Bxa4 22. g5 Nd7 23. Nc1 Nbc5 24. h4 Bc6 25. Bc2 g6 26. Ng4 Qd8
27. Qe3 f6 28. Ne2 fxg5 29. Rd1 gxh4 30. Rxd6 Bb7 31. Nxe5 Qa5 32. Nf3 Nf6
33. Nc3 Ng4 34. Qd4 Rxf3 35. Rd8+ Rf8 36. Rxf8+ Kxf8 37. Qh8+ Ke7 38. Qxh7+
Kd8 39. Qxh4+ Kc7 40. Qg3+ Kb6 41. Bd1 Nxe4 42. Nd5+ Bxd5 43. Qb8+ Kc5 44.
Qf8+ Kxc4 45. Be2+ Kd4 46. Qg7+ Ne5 47. Qa7+ Nc5 0-1

[Event "38th Olympiad"]
[Site "Dresden GER"]
[Date "2008.11.21"]
[Round "8"]
[White "Cicak,S"]
[Black "Khamrakulov,D"]
[Result "1-0"]
[WhiteElo "2564"]
[BlackElo "2533"]
[EventDate "2008.11.13"]

1. Nf3 Nf6 2. c4 e6 3. b3 d5 4. Bb2 Bd6 5. cxd5 exd5 6. e3 c6 7. Be2 Bg4 8.
d3 Bxf3 9. Bxf3 Nbd7 10. O-O Qe7 11. a3 Ne5 12. Be2 h5 13. Nd2 O-O-O 14.
Re1 g5 15. Nf1 g4 16. b4 a6 17. Rb1 Rdg8 18. a4 h4 19. b5 g3 20. hxg3 hxg3
21. Nxg3 Nfd7 22. bxc6 bxc6 23. Nf5 Qe6 24. e4 Bc7 25. Bxe5 Qxe5 26. g3 Rg6
27. d4 Qf6 28. Qb3 Kd8 29. Qb7 Nb8 30. Qa7 Kd7 31. Rb7 Rc8 32. Bd3 Rg5 33.
Rxc7+ Rxc7 34. Qxb8 Qd8 35. Qb4 Rg6 36. e5 Re6 37. Nd6 c5 38. dxc5 Ke7 39.
c6 Kf8 40. Nf5+ Kg8 41. Nd4 Rh6 42. Bxa6 Qe8 43. Qd2 Rh5 44. Qf4 f6 45. e6
Ra7 46. Bb7 1-0

[Event "38th Olympiad"]
[Site "Dresden GER"]
[Date "2008.11.21"]
[Round "8"]
[White "Safin,S"]
[Black "Carlsson,P"]
[Result "1-0"]
[WhiteElo "2510"]
[BlackElo "2515"]
[EventDate "2008.11.13"]

1. d4 Nf6 2. c4 e6 3. Nf3 b6 4. g3 Ba6 5. Qc2 Bb4+ 6. Bd2 Be7 7. e4 d5 8.
cxd5 Bxf1 9. Kxf1 exd5 10. e5 Ne4 11. Nc3 Nxc3 12. bxc3 Qd7 13. h4 h6 14.
e6 Qxe6 15. Re1 Qd6 16. Bf4 Qd8 17. Ne5 O-O 18. Qf5 Bd6 19. Ng4 Bxf4 20.
gxf4 Nc6 21. Rg1 Kh8 22. Qh5 Qd6 23. f5 Rae8 24. Rxe8 Rxe8 25. f6 Qe6 26.
fxg7+ Kxg7 27. Nxh6+ Kf8 28. Nf5 Qe1+ 29. Kg2 Qe4+ 30. f3 1-0

[Event "38th Olympiad"]
[Site "Dresden GER"]
[Date "2008.11.21"]
[Round "8"]
[White "Kulaots,K"]
[Black "Kazhgaleyev,M"]
[Result "1/2-1/2"]
[WhiteElo "2556"]
[BlackElo "2640"]
[EventDate "2008.11.13"]

1. e4 e5 2. Nf3 d6 3. d4 exd4 4. Nxd4 Nf6 5. Nc3 Be7 6. Bf4 O-O 7. Qd2 Nc6
8. O-O-O Nxd4 9. Qxd4 Be6 10. f3 Nd7 11. Qe3 Bf6 12. g4 Qe7 13. h4 Be5 14.
g5 f6 15. g6 hxg6 16. Bh3 Nb6 17. Bxe5 dxe5 18. Bxe6+ Qxe6 19. Rdg1 Kf7 20.
f4 exf4 21. Qxf4 Qe5 22. Qg4 Qh5 23. Qg3 Rac8 24. e5 Rfe8 25. exf6 gxf6 26.
Rh2 Re5 27. Rhg2 Qh6+ 28. Kb1 Rce8 29. a4 Nc8 30. Qxg6+ Qxg6 31. Rxg6 Re1+
32. Ka2 Rxg1 33. Rxg1 Rh8 34. Rg4 Ne7 35. Rd4 Ke6 36. Re4+ Kd7 37. Rd4+ Kc8
38. Re4 Ng6 39. Re6 Rxh4 1/2-1/2

[Event "38th Olympiad"]
[Site "Dresden GER"]
[Date "2008.11.21"]
[Round "8"]
[White "Kotsur,P"]
[Black "Kanep,M"]
[Result "1/2-1/2"]
[WhiteElo "2563"]
[BlackElo "2526"]
[EventDate "2008.11.13"]

1. d4 d5 2. c4 c6 3. Nf3 Nf6 4. e3 a6 5. Nc3 b5 6. c5 g6 7. Be2 Bg7 8. Ne5
O-O 9. O-O Be6 10. Bd2 Qc7 11. Be1 Nbd7 12. f4 Nxe5 13. fxe5 Ne4 14. Bd3
Nxc3 15. bxc3 f6 16. exf6 Rxf6 17. Rxf6 exf6 18. Bg3 Qd7 19. Qf3 a5 20. a3
a4 21. Bd6 Re8 22. h3 Bf5 23. Bxf5 Qxf5 24. Qxf5 gxf5 25. Bf4 Kf7 26. Kf2
Bf8 27. Kf3 Be7 28. Ra2 Bd8 29. Bd6 Ba5 30. Rc2 Rg8 31. Bf4 h5 1/2-1/2

[Event "38th Olympiad"]
[Site "Dresden GER"]
[Date "2008.11.21"]
[Round "8"]
[White "Liiva,R"]
[Black "Ibrayev,N"]
[Result "1/2-1/2"]
[WhiteElo "2460"]
[BlackElo "2448"]
[EventDate "2008.11.13"]

1. e4 c5 2. c3 Nf6 3. e5 Nd5 4. Nf3 e6 5. Bc4 Nb6 6. Be2 d6 7. exd6 Nc6 8.
d4 Qxd6 9. O-O cxd4 10. cxd4 Be7 11. Nc3 O-O 12. Be3 Nd5 13. Nxd5 Qxd5 14.
a3 Rd8 15. Rc1 Bf6 16. Qc2 Bd7 17. Rfd1 Ne7 18. Ne5 Rac8 19. Qb1 Rxc1 20.
Qxc1 Ba4 21. Re1 Rc8 22. Qd2 Nf5 23. Bf3 Qb5 24. Be2 Qd5 25. Bf3 Qb5 26.
Be2 Qe8 27. Bf3 b6 28. Ng4 Be7 29. d5 Rd8 30. Bf4 Bb3 31. Be4 Bxd5 32. Bxf5
exf5 33. Qe3 Be6 34. Nh6+ gxh6 35. Qg3+ Kh8 36. Qc3+ f6 37. Rxe6 Rd1+ 38.
Re1 Rxe1+ 39. Qxe1 Kg7 40. Qe6 Qf7 41. Qxf5 Qg6 42. g4 h5 43. f3 hxg4 44.
fxg4 h5 45. Qxg6+ Kxg6 46. gxh5+ Kxh5 47. Kg2 b5 48. Kf3 f5 49. Be5 Bg5 50.
b3 a6 51. a4 bxa4 52. bxa4 Bh6 53. Bg3 Bg5 54. h3 Bc1 55. Ke2 Kg6 56. Be1
Bf4 57. Bf2 Be5 58. Be3 Kh5 59. Kf3 Kg6 60. Bf4 Bf6 61. Ke2 Be7 62. Ke3
Bc5+ 63. Kd3 Be7 64. Kd4 Kh5 65. Ke5 Kg6 66. Ke6 Bh4 67. Bd6 Bg5 68. Bg3
Be3 69. Ke5 Kg5 70. Be1 1/2-1/2

[Event "38th Olympiad"]
[Site "Dresden GER"]
[Date "2008.11.21"]
[Round "8"]
[White "Zhumabayev,R"]
[Black "Volodin,Alek"]
[Result "1-0"]
[WhiteElo "2490"]
[BlackElo "2393"]
[EventDate "2008.11.13"]

1. Nf3 d5 2. d4 Nf6 3. c4 c6 4. Qc2 dxc4 5. Bg5 Qa5+ 6. Nbd2 Bf5 7. Qxc4 e6
8. Bxf6 gxf6 9. a3 Nd7 10. e3 Rg8 11. b4 Qa4 12. Nh4 Nb6 13. Qc1 Qc2 14.
Nxf5 Qxf5 15. Qb1 Qxb1+ 16. Rxb1 Nd5 17. Nc4 b6 18. g3 a5 19. b5 Nc3 20.
Rb3 cxb5 21. Nxb6 Rb8 22. Nc4 b4 23. Nxa5 Kd7 24. Bg2 Nd5 25. O-O Rb5 26.
Nc4 Be7 27. Bxd5 exd5 28. Nb2 Rgb8 29. axb4 Rxb4 30. Rxb4 Rxb4 31. Nd3 Rb5
32. Nf4 Bd6 33. Nh5 f5 34. Ra1 Rb8 35. Ra7+ Ke6 36. Ra6 Kd7 37. Nf6+ Ke6
38. Nxh7 Rg8 39. h4 f4 40. Ng5+ 1-0

[Event "38th Olympiad"]
[Site "Dresden GER"]
[Date "2008.11.21"]
[Round "8"]
[White "Bruzon Batista,L"]
[Black "Braun,A"]
[Result "1-0"]
[WhiteElo "2622"]
[BlackElo "2567"]
[EventDate "2008.11.13"]

1. c4 c6 2. Nc3 d5 3. d4 Nf6 4. cxd5 cxd5 5. Bf4 Nc6 6. e3 a6 7. Bd3 Bg4 8.
Nge2 e6 9. O-O Bd6 10. f3 Bh5 11. Rc1 Bg6 12. Bxd6 Qxd6 13. Nf4 Bxd3 14.
Nxd3 O-O 15. Na4 Nd7 16. Qd2 b6 17. Rc2 Rfc8 18. Rfc1 Ne7 19. Qb4 Qxb4 20.
Nxb4 a5 21. Nc6 Kf8 22. Nxe7 Rxc2 23. Rxc2 Kxe7 24. Rc7 Rb8 25. Nc3 f6 26.
Kf2 g5 27. Ke2 Rg8 28. e4 dxe4 29. fxe4 g4 30. Rc6 Rg5 31. Kf2 b5 32. d5
exd5 33. Nxd5+ Kf7 34. Ke3 h5 35. b3 Re5 36. Rd6 Nc5 37. Rxf6+ Kg7 38. Kd4
Rxd5+ 39. exd5 Nxb3+ 40. Ke4 1-0

[Event "38th Olympiad"]
[Site "Dresden GER"]
[Date "2008.11.21"]
[Round "8"]
[White "Bindrich,F"]
[Black "Quezada Perez,Y"]
[Result "0-1"]
[WhiteElo "2517"]
[BlackElo "2580"]
[EventDate "2008.11.13"]

1. Nf3 Nf6 2. c4 e6 3. Nc3 Bb4 4. Qc2 O-O 5. a3 Bxc3 6. Qxc3 c5 7. g3 b6 8.
Bg2 Bb7 9. O-O d5 10. b4 d4 11. Qb2 Qc7 12. d3 e5 13. e4 dxe3 14. Bxe3 Nbd7
15. Rfe1 Rfe8 16. Bg5 Nh5 17. Re2 f6 18. Bd2 g6 19. Nh4 Rad8 20. Rae1 g5
21. Bxb7 Qxb7 22. Nf5 Qf3 23. Nh6+ Kg7 24. Re3 Qc6 25. Nf5+ Kf7 26. Qc2 Ng7
27. Nh6+ Kg6 28. d4+ Kxh6 29. g4 e4 30. h4 cxd4 31. hxg5+ fxg5 32. Rh3+ Kg6
33. Bxg5 Kxg5 34. Qd2+ e3 35. fxe3 Kg6 36. Qh2 h5 37. Rf1 Rf8 38. Qc2+ Kg5
39. Rxh5+ Nxh5 40. Rf5+ Kxg4 41. Rd5 Qxd5 42. cxd5 dxe3 43. Qg6+ Kh4 44.
Qe4+ Rf4 45. Qe7+ Ndf6 46. Qxd8 e2 0-1